Memoria del Maule

Gorde:
Xehetasun bibliografikoak
Egile korporatiboa: Universidad de Talca (Egilea), Archivo fotográfico de la Universidad de Talca (Egilea), Consejo Nacional del Libro y la Lectura (Egilea)
Formatua: Liburua
Hizkuntza:gaztelania
Argitaratua: Talca Universidad de Talca 2005
Talca Impresora Gutenberg 2005
Edizioa:1a. ed
Gaiak:
Sarrera elektronikoa:portada
Etiketak: Etiketa erantsi
Etiketarik gabe, Izan zaitez lehena erregistro honi etiketa jartzen!

MARC

LEADER 00000nam a2200000 a 4500
001 UCJ8878
003 CL-VaPUC
008 070124e20051100cl |||||||||||||||||spa|d
020 |a 9567059667 
082 0 4 |a 983  |b UNI  |2 21 
110 2 |a Universidad de Talca  |e author  |9 518593 
710 2 |a Archivo fotográfico de la Universidad de Talca  |e author  |9 518594 
710 2 |a Consejo Nacional del Libro y la Lectura  |e author  |9 518595 
245 1 0 |a Memoria del Maule 
250 |a 1a. ed 
300 |a 140 p 
942 |c BK 
945 |d 20070124 00:00:00  |a fvergara 
260 |a Talca  |b Universidad de Talca  |c 2005 
260 |a Talca  |b Impresora Gutenberg  |c 2005 
500 |a Prologado por el Rector de la Universidad de Talca, Dr. Alvaro Rojas M 
500 |a Investigación y Textos de Julio Cárdenas B 
500 |a Edición a cargo de Marcela Albornoz Dachelet 
650 0 |a Historia de ciudades   |9 445863 
650 0 |a Fotografías  |9 268494 
650 7 |a MEMORIA LOCAL  |2 CL-VaPUC  |9 518596 
650 0 |a Desarrollo cultural  |9 267526 
651 7 |a CHILE  |2 CL-VaPUC  |9 518597 
651 7 |a MAULE  |2 CL-VaPUC  |9 448501 
651 0 |a Talca  |9 265150 
651 7 |a CONSTITUCION, CHILE  |2 CL-VaPUC  |9 445864 
651 7 |a CURICO  |2 CL-VaPUC  |9 265149 
651 7 |a LINARES  |2 CL-VaPUC  |9 319272 
651 7 |a PARRAL  |2 CL-VaPUC  |9 518598 
856 7 |f UCJ8878_01.jpg  |u http://opac.pucv.cl/pucv_img/Img-8500/UCJ8878_01.jpg  |q JEPG  |2 file  |z portada 
583 |a last modification  |c 20131001 01:03:50  |k Rodrigo Vera 
999 |c 324526  |d 324524 
952 |0 0  |1 0  |4 0  |6 983_000000000000000_UNI_2005_2005  |7 0  |8 X  |9 404776  |a FDOBUD  |b FDOBUD  |d 2019-11-22  |i 1085239  |o 983 UNI 2005 2005  |p 1085239  |r 2019-11-22  |w 2019-11-22  |y BK_X  |k BUD 
952 |0 0  |1 0  |4 0  |6 983_000000000000000_UNI_2005_2005  |7 0  |8 X  |9 404777  |a FDOMLP  |b FDOMLP  |d 2019-11-22  |i 4592840  |o 983 UNI 2005 2005  |p 4592840  |r 2019-11-22  |w 2019-11-22  |y BK_X  |k BUD